00656 2200205 4500001002100000005001700021008004100038035002400079082001800103090002500121110005800146245003500204260010700239300002900346650002600375850001500401980001300416985000600429999001500435YOGYA-0209000004879520090227032118.0 ind  0010-020900000048795 a736.509 922 2 a736.509 922 2bPro M aPROYEK INVENTARISASI DAN DOKUMENTASI SEJARAH NASIONAL aMonumen Perjuangan jawa Tengah aJakartabDepartemen Pendidikan dan Kebudayaan Proyek Penerbitan Buku Sastra Indonesia dan Daerahc1986 avi, 240 hlmbilusc21 cm aMonumen - Jawa Tengah aYOPDYOG(M) a03-12-07 a1 aA000012011